00410nam a22001217a 4500003000400000005001700004008004100021020001800062050002300080082002400103245011700127260004400244OSt20151215092903.0130827t xxu||||| |||| 00| 0 eng d a9789810407346 aBF 723b.M961 1999 aHS 649.1 bM91 1995 aTalking with Kids:b how to improve communication and your relationship with your children. cMulvaney, Allison aSingapore : bMedia Masters, cc1995.